000 00687nam a2200253Ia 4500
003 OSt
005 20220926013949.0
006 a|||||r|||| 00| 0
007 ta
008 220923b |||||||| |||| 00| 0 eng d
020 _a047107263X
037 _cGeneral Book
040 _aRTL
_cRTL
_beng
041 _2eng
_aeng
082 _aX9(J):8, L8
100 _aVardaman James M
_9319380
245 0 _aTree farm business management
250 _a2nd
260 _aNew York
_bJohn Wiley USA
_c1978
300 _aix, 213p. Glossary p. 206-09
_ccm.
650 _aManagement
_930681
942 _hX9(J):8, L8
_cGB
_2CC
999 _c627312
_d627312